[Event "DVM U10 2015"]
[Site "Magdeburg GER"]
[Date "2015.12.27"]
[Round "2"]
[White "Rosenhain, Jonathan"]
[Black "Kalina, Lena"]
[Result "1-0"]
[Termination "normal"]
[Board "13.1"]
[WhiteElo "1222"]
[BlackElo "1410"]
[WhiteTeam "Schachpinguine Berlin 2"]
[BlackTeam "SC Landskrone"]
[PlyCount "28"]
[WhiteFideId "16212169"]
[BlackFideId "12988014"]
[EventCountry "GER"]
[EventRounds "7"]
[EventType "team-swiss"]
[EventDate "2015.12.27"]

1. e4 e5 2. Nf3 Nc6 3. Bc4 Bb4 4. a3 Bc5 5. O-O Nf6 6. Nc3 O-O 7. d3 d6 8. Bd2
Bg4 9. h3 Bh5 10. Qc1 Nd4 11. Nxd4 Bxd4 12. Be3 Re8 13. Re1 Qe7 14. Bg5 Be3 {
Rest nicht nachvollziehbar} 1-0

[Event "DVM U10 2015"]
[Site "Magdeburg GER"]
[Date "2015.12.27"]
[Round "2"]
[White "Müller, Maurice-Pascal"]
[Black "Morczynski, Joachim"]
[Result "0-1"]
[Termination "normal"]
[Board "13.2"]
[WhiteElo "1002"]
[BlackElo "1205"]
[WhiteTeam "SC Landskrone"]
[BlackTeam "Schachpinguine Berlin 2"]
[PlyCount "52"]
[WhiteFideId "16243340"]
[BlackFideId "16209745"]
[EventCountry "GER"]
[EventRounds "7"]
[EventType "team-swiss"]
[EventDate "2015.12.27"]

1. e4 e5 2. Nf3 Nc6 3. d4 d6 4. Bc4 Nf6 5. Ng5 d5 6. Bxd5 Nxd5 7. exd5 Qxd5 8.
O-O Be7 9. Re1 O-O 10. Nc3 Qd7 11. Nce4 Qf5 12. Qh5 Bxg5 13. Nxg5 Qxc2 14. b3
Qg6 15. Qh3 h6 16. Ba3 Qxg5 17. Bxf8 Kxf8 18. Qd7 Qe7 19. Qxe7+ Kxe7 20. h3 Be6
21. dxe5 Rd8 22. Rec1 f6 23. Rc2 Kf7 24. Re1 Kg6 25. exf6 gxf6 26. Rxe6 Nd4 0-1

[Event "DVM U10 2015"]
[Site "Magdeburg GER"]
[Date "2015.12.27"]
[Round "2"]
[White "Gorodezki, Andrey"]
[Black "Dittenberger, Nico"]
[Result "1-0"]
[Termination "normal"]
[Board "13.3"]
[WhiteElo "1075"]
[BlackElo "961"]
[WhiteTeam "Schachpinguine Berlin 2"]
[BlackTeam "SC Landskrone"]
[PlyCount "40"]
[BlackFideId "12996254"]
[EventCountry "GER"]
[EventRounds "7"]
[EventType "team-swiss"]
[EventDate "2015.12.27"]

1. e4 e5 2. Nf3 Nc6 3. d4 Bd6 4. d5 Nce7 5. Nc3 Bb4 6. Nxe5 Bxc3+ 7. bxc3 d6 8.
Bb5+ c6 9. Nxc6 bxc6 10. dxc6 Qb6 11. c4 Nxc6 12. O-O Nge7 13. Be3 Qa5 14.
Bxc6+ Nxc6 15. Qd5 Rb8 16. Qxd6 Ba6 17. Qxc6+ Ke7 18. Rfd1 Rhc8 19. Qd6+ Ke8
20. Qd7+ Kf8 {Rest nicht nachvollziehbar} 1-0

[Event "DVM U10 2015"]
[Site "Magdeburg GER"]
[Date "2015.12.27"]
[Round "2"]
[White "Kinsky, Leonhard"]
[Black "Korek, Jakob Alexander"]
[Result "1/2-1/2"]
[Termination "normal"]
[Board "13.4"]
[WhiteElo "819"]
[BlackElo "1010"]
[WhiteTeam "SC Landskrone"]
[BlackTeam "Schachpinguine Berlin 2"]
[PlyCount "48"]
[WhiteFideId "16255429"]
[BlackFideId "16240022"]
[EventCountry "GER"]
[EventRounds "7"]
[EventType "team-swiss"]
[EventDate "2015.12.27"]

1. e4 c5 2. d4 cxd4 3. Qxd4 Nc6 4. Qd1 g6 5. Nc3 Bg7 6. Bc4 Nf6 7. Nf3 d6 8.
Be3 O-O 9. O-O Bg4 10. Qd2 Bxf3 11. gxf3 Ne5 12. Qe2 Qc8 13. Bd2 Qh3 14. Kh1
Nfg4 15. Bf4 Nf6 16. Bg3 d5 17. exd5 Nxd5 18. Nxd5 e6 19. Ne7+ Kh8 20. f4 Qg4
21. Qxg4 Nxg4 22. h3 Nh6 23. f3 Bf6 24. Rad1 Bxe7 1/2-1/2

[Event "DVM U10 2015"]
[Site "Magdeburg GER"]
[Date "2015.12.27"]
[Round "2"]
[White "Graw, Alexander"]
[Black "Schlie, Johann"]
[Result "0-1"]
[Termination "normal"]
[Board "14.1"]
[WhiteElo "1008"]
[BlackElo "1204"]
[WhiteTeam "SF Hettstedt 1"]
[BlackTeam "Hagener SV"]
[PlyCount "37"]
[WhiteFideId "16227670"]
[BlackFideId "16211596"]
[EventCountry "GER"]
[EventRounds "7"]
[EventType "team-swiss"]
[EventDate "2015.12.27"]

1. e4 d5 2. exd5 Qxd5 3. Nc3 Qa5 4. Nf3 Bg4 5. Bb5+ c6 6. Ba4 Nf6 7. O-O e6 8.
d3 Bb4 9. Bd2 Bxc3 10. Bxc6+ Nxc6 11. Bxc3 Qh5 12. Bxf6 gxf6 13. Re1 Nd4 14.
Re3 Nxf3+ 15. Rxf3 Bxf3 16. Qxf3 Qxf3 17. gxf3 O-O-O 18. Re1 Rhg8+ 19. Kf1 0-1

[Event "DVM U10 2015"]
[Site "Magdeburg GER"]
[Date "2015.12.27"]
[Round "2"]
[White "Brunner, Alexander"]
[Black "Isensee, Lennart"]
[Result "1-0"]
[Termination "normal"]
[Board "14.2"]
[WhiteElo "1222"]
[BlackElo "924"]
[WhiteTeam "Hagener SV"]
[BlackTeam "SF Hettstedt 1"]
[PlyCount "33"]
[WhiteFideId "12965278"]
[EventCountry "GER"]
[EventRounds "7"]
[EventType "team-swiss"]
[EventDate "2015.12.27"]

1. e4 e5 2. d4 d6 3. dxe5 dxe5 4. Qxd8+ Kxd8 5. Nf3 Nc6 6. Bb5 Bd7 7. Bxc6 Bxc6
8. Nxe5 Nh6 9. Bxh6 gxh6 10. Nxf7+ Ke7 11. Nxh8 Bg7 12. Nc3 Rxh8 13. O-O-O Bxc3
14. bxc3 Bxe4 15. Rhe1 Re8 16. Rxe4+ Kf7 17. Rd7+ 1-0

[Event "DVM U10 2015"]
[Site "Magdeburg GER"]
[Date "2015.12.27"]
[Round "2"]
[White "Lehmann, Taylor"]
[Black "Maul, Maik"]
[Result "0-1"]
[Termination "normal"]
[Board "14.3"]
[WhiteElo "949"]
[BlackElo "1378"]
[WhiteTeam "SF Hettstedt 1"]
[BlackTeam "Hagener SV"]
[PlyCount "43"]
[WhiteFideId "16240642"]
[BlackFideId "16204816"]
[EventCountry "GER"]
[EventRounds "7"]
[EventType "team-swiss"]
[EventDate "2015.12.27"]

1. e4 d5 2. Nc3 Nf6 3. d3 dxe4 4. Nxe4 Nxe4 5. dxe4 Qxd1+ 6. Kxd1 Nc6 7. f3 e5
8. Ne2 Bc5 9. Nc3 Be6 10. Nd5 Bxd5 11. exd5 Ne7 12. Bb5+ c6 13. dxc6 Rd8+ 14.
Bd2 bxc6 15. Bd3 f5 16. Re1 Bd6 17. Bg5 h6 18. Bxe7 Kxe7 19. Bxf5 Bb4+ 20. Kc1
Bxe1 21. b3 Bc3 22. Rb1 0-1

[Event "DVM U10 2015"]
[Site "Magdeburg GER"]
[Date "2015.12.27"]
[Round "2"]
[White "Lerchl, Clemens"]
[Black "Lesser, Luan"]
[Result "1-0"]
[Termination "normal"]
[Board "15.3"]
[WhiteElo "963"]
[BlackElo "800"]
[WhiteTeam "SC Vaterstetten"]
[BlackTeam "KSV Rochade Göttingen 2"]
[PlyCount "47"]
[WhiteFideId "16226372"]
[BlackFideId "34640150"]
[EventCountry "GER"]
[EventRounds "7"]
[EventType "team-swiss"]
[EventDate "2015.12.27"]

1. e4 e5 2. Nf3 Nc6 3. d4 Nf6 4. dxe5 Nxe4 5. Qd5 Nc5 6. Bc4 Qe7 7. Be3 b6 8.
Ng5 Nxe5 9. Qxa8 Qd8 10. O-O Nb7 11. Bd5 c6 12. Qb8 Bd6 13. Qxa7 cxd5 14. Qxb6
Bc7 15. Qb3 h6 16. Nh3 d6 17. Nf4 Ng4 18. Re1 Qh4 19. h3 Nxe3 20. Qxe3+ Be6 21.
Nxe6 Kd7 22. Nxc7 d4 23. Qg3 Re8 24. Qxh4 1-0

[Event "DVM U10 2015"]
[Site "Magdeburg GER"]
[Date "2015.12.27"]
[Round "2"]
[White "Zimmermann, Simon"]
[Black "Promeuschel, Oskar"]
[Result "1-0"]
[Termination "normal"]
[Board "15.4"]
[WhiteElo "777"]
[BlackElo "787"]
[WhiteTeam "KSV Rochade Göttingen 2"]
[BlackTeam "SC Vaterstetten"]
[PlyCount "59"]
[WhiteFideId "16235649"]
[EventCountry "GER"]
[EventRounds "7"]
[EventType "team-swiss"]
[EventDate "2015.12.27"]

1. e4 e5 2. Nf3 Nc6 3. Nc3 Bc5 4. Nxe5 Nxe5 5. d4 Bd6 6. dxe5 Bxe5 7. Be2 Nf6
8. O-O d6 9. Bg5 O-O 10. Re1 h6 11. Bxf6 Qxf6 12. Qd3 Be6 13. Rab1 Qh4 14. g3
Qg5 15. f4 Bxf4 16. g4 Qh4 17. Qf3 Qxh2+ 18. Kf1 h5 19. Qg2 Qh4 20. Rbd1 hxg4
21. Rd3 g3 22. Nb5 Bc4 23. Nxc7 Bxd3 24. Nxa8 Bxe2+ 25. Kxe2 Rxa8 26. Rh1 Qg4+
27. Qf3 f5 28. Qxg4 Be5 29. Qh3 Kf7 30. Qh5+ 1-0

[Event "DVM U10 2015"]
[Site "Magdeburg GER"]
[Date "2015.12.27"]
[Round "2"]
[White "Braun, Erik"]
[Black "Mainka, Alwin"]
[Result "0-1"]
[Termination "normal"]
[Board "16.1"]
[WhiteElo "991"]
[BlackElo "1003"]
[WhiteTeam "Peiner SV"]
[BlackTeam "DJK Arminia Eilendorf 1919"]
[PlyCount "86"]
[BlackFideId "16241177"]
[EventCountry "GER"]
[EventRounds "7"]
[EventType "team-swiss"]
[EventDate "2015.12.27"]

1. e4 e5 2. Nf3 Nc6 3. Nc3 Bc5 4. Bb5 d6 5. Bxc6+ bxc6 6. O-O Nf6 7. d3 O-O 8.
d4 exd4 9. Nxd4 Bd7 10. Nf3 Bg4 11. h3 Bh5 12. Qd3 Re8 13. Bf4 Bg6 14. Rfe1 d5
15. Qd2 Bxe4 16. Nxe4 Nxe4 17. Rxe4 dxe4 18. Qa5 Bb6 19. Qh5 exf3 20. Qxf3 Qd5
21. Qg4 Re6 22. Rd1 Qc5 23. Rf1 Rg6 24. Qf3 Qd5 25. Qxd5 cxd5 26. Rd1 Rd8 27.
Re1 Re6 28. Rd1 h6 29. c4 d4 30. c5 Bxc5 31. Bxc7 Rd7 32. Ba5 Rde7 33. Kf1 Re2
34. b4 Bb6 35. Bxb6 axb6 36. a4 d3 37. Kg1 Re1+ 38. Rxe1 Rxe1+ 39. Kh2 d2 40.
a5 d1=Q 41. axb6 Qd6+ 42. g3 Qd4 43. b7 Qxf2# 0-1

[Event "DVM U10 2015"]
[Site "Magdeburg GER"]
[Date "2015.12.27"]
[Round "2"]
[White "Korr, Sören"]
[Black "Stein, Luis"]
[Result "1-0"]
[Termination "normal"]
[Board "16.2"]
[WhiteElo "887"]
[BlackElo "943"]
[WhiteTeam "DJK Arminia Eilendorf 1919"]
[BlackTeam "Peiner SV"]
[PlyCount "85"]
[WhiteFideId "16275241"]
[BlackFideId "16268407"]
[EventCountry "GER"]
[EventRounds "7"]
[EventType "team-swiss"]
[EventDate "2015.12.27"]

1. e4 e5 2. Nf3 Nc6 3. Bc4 h6 4. O-O Nf6 5. Nc3 d6 6. h3 Be6 7. Bxe6 fxe6 8. d3
d5 9. exd5 exd5 10. Re1 Bd6 11. d4 Qe7 12. Bf4 O-O-O 13. dxe5 Nxe5 14. Nxe5
Bxe5 15. Bxe5 Ne4 16. f4 d4 17. Rxe4 dxc3 18. Qg4+ Rd7 19. bxc3 h5 20. Qf3 Qa3
21. Qe3 b6 22. Rd4 Rxd4 23. Bxd4 Rg8 24. Rd1 Qxa2 25. Qf3 Kb8 26. Bxg7 Qxc2 27.
Kh2 Qg6 28. Be5 Re8 29. f5 Qf7 30. Kh1 Qf8 31. Bf4 Qg7 32. Qc6 Rc8 33. Rd7 Qxd7
34. Qxd7 Kb7 35. Qd5+ Ka6 36. Qc6 Ka5 37. Qb7 Rf8 38. Qxa7+ Kb5 39. Bxc7 Rf6
40. Qa3 Kc6 41. Qe7 Rxf5 42. Qe6+ Kxc7 43. Qxf5 1-0

[Event "DVM U10 2015"]
[Site "Magdeburg GER"]
[Date "2015.12.27"]
[Round "2"]
[White "Mimkes, Antal"]
[Black "Klühs, Gustaf"]
[Result "0-1"]
[Termination "normal"]
[Board "17.1"]
[WhiteElo "961"]
[BlackElo "1129"]
[WhiteTeam "KSV Rochade Göttingen 1"]
[BlackTeam "Sfr.Nord-Ost Berlin 2"]
[PlyCount "76"]
[WhiteFideId "16265963"]
[BlackFideId "16228936"]
[EventCountry "GER"]
[EventRounds "7"]
[EventType "team-swiss"]
[EventDate "2015.12.27"]

1. e4 c5 2. d4 cxd4 3. c3 dxc3 4. Nxc3 Nc6 5. Bc4 d6 6. Qf3 e6 7. Nge2 Nf6 8.
O-O Be7 9. Rd1 O-O 10. Bf4 e5 11. Be3 Bg4 12. Qg3 Bxe2 13. Bxe2 Kh8 14. Nd5
Nxe4 15. Qf3 Ng5 16. Bxg5 Bxg5 17. Bd3 h6 18. Qe4 f5 19. Qf3 e4 20. Qh5 exd3
21. Rxd3 Ne5 22. Ne3 Nxd3 23. Qg6 Qf6 24. Qh5 Nf4 25. Qf3 Qxb2 26. Rd1 Ne2+ 27.
Kh1 Bxe3 28. Qxe3 Rae8 29. Qxa7 Nc3 30. Rg1 Ne4 31. h3 Nxf2+ 32. Kh2 Qe5+ 33.
g3 Ne4 34. Qe3 f4 35. gxf4 Qxf4+ 36. Qxf4 Rxf4 37. Re1 Rf2+ 38. Kg1 Rxa2 0-1

[Event "DVM U10 2015"]
[Site "Magdeburg GER"]
[Date "2015.12.27"]
[Round "2"]
[White "Janke, Sean Till"]
[Black "Anosowitsch, Nick"]
[Result "1-0"]
[Termination "normal"]
[Board "17.2"]
[WhiteElo "949"]
[BlackElo "875"]
[WhiteTeam "Sfr.Nord-Ost Berlin 2"]
[BlackTeam "KSV Rochade Göttingen 1"]
[PlyCount "63"]
[EventCountry "GER"]
[EventRounds "7"]
[EventType "team-swiss"]
[EventDate "2015.12.27"]

1. d4 d5 2. c4 Nf6 3. Nc3 Nc6 4. Bf4 e5 5. dxe5 Ne4 6. Nf3 Bb4 7. Qd3 Bf5 8. a3
Bxc3+ 9. bxc3 Nxf2 10. Qxf5 Nxh1 11. g3 O-O 12. Bg2 Nxg3 13. Bxg3 dxc4 14. Bh4
Ne7 15. Qe4 Qd5 16. Ng5 Qxe4 17. Bxe4 f5 18. Bxb7 Rab8 19. Ba6 h6 20. Bxc4+ Kh8
21. Ne6 Rfe8 22. Nxc7 Rec8 23. Bxe7 Rxc7 24. Bd6 Rxc4 25. Bxb8 Rxc3 26. Rd1
Rxa3 27. Rd8+ Kh7 28. e6 Re3 29. Rd6 f4 30. Bc7 f3 31. Bd8 fxe2 32. e7 1-0

[Event "DVM U10 2015"]
[Site "Magdeburg GER"]
[Date "2015.12.27"]
[Round "2"]
[White "Zimmermann, Bennet"]
[Black "Söhlke, Arno"]
[Result "1-0"]
[Termination "normal"]
[Board "17.3"]
[WhiteElo "926"]
[BlackElo "901"]
[WhiteTeam "KSV Rochade Göttingen 1"]
[BlackTeam "Sfr.Nord-Ost Berlin 2"]
[PlyCount "71"]
[EventCountry "GER"]
[EventRounds "7"]
[EventType "team-swiss"]
[EventDate "2015.12.27"]

1. e4 c6 2. Nc3 d5 3. exd5 cxd5 4. d4 Bf5 5. Nf3 Nf6 6. Bb5+ Nc6 7. Ne5 Rc8 8.
O-O a6 9. Nxc6 bxc6 10. Ba4 e6 11. Bf4 Qa5 12. Re1 Ne4 13. Nxe4 Bxe4 14. Bb3
Bb4 15. Rf1 c5 16. dxc5 Rxc5 17. Be3 Rc6 18. a3 Bc5 19. Bd2 Qb6 20. Ba4 O-O 21.
Bxc6 Qxc6 22. b4 Bd4 23. c3 Bxc3 24. Bxc3 Qxc3 25. Qc1 Qf6 26. Qc6 Qg6 27. f3
Bd3 28. Rfe1 Qf6 29. Qc1 Bb5 30. a4 Bd7 31. Qb1 Rb8 32. Ra2 a5 33. bxa5 Rxb1
34. Rxb1 Qd4+ 35. Kh1 Bc6 36. Rb8+ 1-0

[Event "DVM U10 2015"]
[Site "Magdeburg GER"]
[Date "2015.12.27"]
[Round "2"]
[White "Gehrke, Gina Celina"]
[Black "Möschwitzer, Luis"]
[Result "0-1"]
[Termination "normal"]
[Board "18.1"]
[WhiteElo "1519"]
[BlackElo "975"]
[WhiteTeam "SV "Glück auf" Rüdersdorf"]
[BlackTeam "SG Blau-Weiß Stadtilm 2"]
[PlyCount "44"]
[WhiteFideId "16205979"]
[EventCountry "GER"]
[EventRounds "7"]
[EventType "team-swiss"]
[EventDate "2015.12.27"]

1. d4 d5 2. e3 a6 3. Bd3 Nf6 4. Nd2 Nc6 5. c3 Bd7 6. f4 e6 7. Ngf3 Be7 8. Ne5
O-O 9. O-O Nxe5 10. fxe5 Ne8 11. Rf3 f6 12. exf6 Nxf6 13. e4 dxe4 14. Nxe4 e5
15. Nxf6+ Bxf6 16. Bf5 Bxf5 17. Rxf5 exd4 18. cxd4 Qxd4+ 19. Qxd4 Bxd4+ 20. Rf2
Rxf2 21. h3 Raf8 22. Bg5 Rf1+ 0-1

[Event "DVM U10 2015"]
[Site "Magdeburg GER"]
[Date "2015.12.27"]
[Round "2"]
[White "Tomasini, Marius"]
[Black "Petersen, Sophie"]
[Result "0-1"]
[Termination "normal"]
[Board "18.2"]
[WhiteElo "836"]
[BlackElo "942"]
[WhiteTeam "SG Blau-Weiß Stadtilm 2"]
[BlackTeam "SV "Glück auf" Rüdersdorf"]
[PlyCount "60"]
[BlackFideId "16229380"]
[EventCountry "GER"]
[EventRounds "7"]
[EventType "team-swiss"]
[EventDate "2015.12.27"]

1. e4 d5 2. e5 Nc6 3. Nf3 Bg4 4. d4 e6 5. Nc3 Bb4 6. a3 Be7 7. Bd3 Nxd4 8. Be3
Nxf3+ 9. gxf3 Bh3 10. Bd4 c5 11. Bb5+ Kf8 12. Be3 a6 13. Ba4 d4 14. Bd2 dxc3
15. Bxc3 Qxd1+ 16. Rxd1 Nh6 17. Ba5 b5 18. Bb3 c4 19. Ba2 g6 20. Ke2 Kg7 21.
Bd2 Rhd8 22. Be3 Rxd1 23. Rxd1 g5 24. Rg1 g4 25. Rg3 Nf5 26. Rg1 Rg8 27. fxg4
Nxe3 28. fxe3 Kf8 29. Rg3 Bxg4+ 30. Kf2 Bh4 0-1

[Event "DVM U10 2015"]
[Site "Magdeburg GER"]
[Date "2015.12.27"]
[Round "2"]
[White "Pietsch, Alexander"]
[Black "Staude, Quentin"]
[Result "1-0"]
[Termination "normal"]
[Board "18.3"]
[WhiteElo "896"]
[BlackElo "903"]
[WhiteTeam "SV "Glück auf" Rüdersdorf"]
[BlackTeam "SG Blau-Weiß Stadtilm 2"]
[PlyCount "27"]
[EventCountry "GER"]
[EventRounds "7"]
[EventType "team-swiss"]
[EventDate "2015.12.27"]

1. e4 e5 2. Nf3 Nc6 3. Bc4 Bc5 4. Nc3 Nf6 5. d3 h6 6. Be3 Bb6 7. Qd2 d6 8.
O-O-O Be6 9. Bb3 Ba5 10. Ba4 O-O 11. Bxh6 gxh6 12. Qxh6 Bxc3 13. Ng5 Ng4 14.
Qh7# 1-0

[Event "DVM U10 2015"]
[Site "Magdeburg GER"]
[Date "2015.12.27"]
[Round "2"]
[White "Hartmann, Samuel"]
[Black "Zores, Kai"]
[Result "0-1"]
[Termination "normal"]
[Board "19.1"]
[WhiteElo "888"]
[BlackElo "1053"]
[WhiteTeam "SG Niederkassel"]
[BlackTeam "Hamburger SK von 1830 3"]
[PlyCount "62"]
[EventCountry "GER"]
[EventRounds "7"]
[EventType "team-swiss"]
[EventDate "2015.12.27"]

1. e4 e5 2. Nf3 Nc6 3. Bc4 Bc5 4. c3 d6 5. d4 Bb6 6. O-O Nf6 7. Bg5 h6 8. Bh4
g5 9. Nxg5 hxg5 10. Bxg5 Be6 11. Bxe6 fxe6 12. dxe5 Nxe5 13. h3 Nf7 14. Bxf6
Qxf6 15. Na3 O-O-O 16. Nc4 Rdg8 17. Nxb6+ axb6 18. f3 Qg5 19. Rf2 Rxh3 20. g4
Rgh8 21. Kf1 Rh1+ 22. Ke2 Rxd1 23. Rxd1 Ne5 24. Rg1 Rh3 25. f4 Qg6 26. fxe5
Qxe4+ 27. Kf1 Re3 28. Re2 Rxe2 29. Rg3 Qf4+ 30. Kxe2 Qxg3 31. exd6 Qxd6 0-1

[Event "DVM U10 2015"]
[Site "Magdeburg GER"]
[Date "2015.12.27"]
[Round "2"]
[White "Derling, Charlotte"]
[Black "Bungarten, Jona"]
[Result "0-1"]
[Termination "normal"]
[Board "20.1"]
[WhiteElo "925"]
[BlackElo "1148"]
[WhiteTeam "SV Roter Turm Halle 2"]
[BlackTeam "SF Brackel 1930"]
[PlyCount "84"]
[WhiteFideId "16222237"]
[BlackFideId "16223608"]
[EventCountry "GER"]
[EventRounds "7"]
[EventType "team-swiss"]
[EventDate "2015.12.27"]

1. e4 e5 2. Nf3 Nc6 3. d4 exd4 4. Nxd4 Nf6 5. Nc3 Bb4 6. Nf3 Nxe4 7. Bd3 Nxc3
8. bxc3 Bxc3+ 9. Bd2 Bxa1 10. Qxa1 O-O 11. O-O d6 12. Bb5 Qf6 13. Qxf6 gxf6 14.
Bc3 Ne5 15. Nxe5 fxe5 16. Be2 Bf5 17. Bd3 Bxd3 18. cxd3 f5 19. Ba5 b6 20. Bd2
f4 21. a4 Rf5 22. a5 c5 23. axb6 axb6 24. Rb1 Kf7 25. h3 Ra2 26. Be1 Re2 27.
Kf1 Rc2 28. Rxb6 Ke6 29. Rb1 Kd5 30. Rd1 f3 31. gxf3 Rxf3 32. h4 Rh3 33. Rd2
Rc1 34. Ke2 Rh1 35. Rd1 Rxd1 36. Kxd1 Rxh4 37. Kc2 c4 38. f3 Rh1 39. Bg3 Rg1
40. Bh2 Rg2+ 41. Kc3 cxd3 42. Kxd3 Rxh2 0-1

[Event "DVM U10 2015"]
[Site "Magdeburg GER"]
[Date "2015.12.27"]
[Round "2"]
[White "Zabudkin, David"]
[Black "Kageler, Anton Paul"]
[Result "0-1"]
[Termination "normal"]
[Board "20.2"]
[WhiteElo "947"]
[BlackElo "964"]
[WhiteTeam "SF Brackel 1930"]
[BlackTeam "SV Roter Turm Halle 2"]
[PlyCount "84"]
[WhiteFideId "34605975"]
[BlackFideId "16244850"]
[EventCountry "GER"]
[EventRounds "7"]
[EventType "team-swiss"]
[EventDate "2015.12.27"]

1. e4 c5 2. Nf3 Nc6 3. Nc3 d6 4. Bb5 Bd7 5. Bxc6 Bxc6 6. d3 Nf6 7. O-O g6 8.
Bg5 Bg7 9. Bxf6 Bxf6 10. Nd5 Bxb2 11. Rb1 Bg7 12. c4 O-O 13. Re1 e6 14. Ne3 b6
15. d4 Bxe4 16. Rb3 Bc6 17. d5 Ba4 18. dxe6 Bxb3 19. exf7+ Rxf7 20. Qxb3 Rf8
21. Qd3 Qd7 22. Qd5+ Kh8 23. Ng5 Rae8 24. Rd1 Re5 25. Qxd6 Qxd6 26. Rxd6 Rxg5
27. h4 Re5 28. Ng4 Re4 29. g3 Rfe8 30. f3 Re1+ 31. Kg2 R8e2+ 32. Kh3 Rh1+ 33.
Nh2 Rhxh2+ 34. Kg4 h5+ 35. Kg5 Kh7 36. Rd7 Kh8 37. Rxa7 Re5+ 38. Kf4 Rd2 39.
Rxg7 Kxg7 40. Kxe5 Rd4 41. f4 Rd6 42. a4 Rc6 0-1

[Event "DVM U10 2015"]
[Site "Magdeburg GER"]
[Date "2015.12.27"]
[Round "2"]
[White "Nguyen, Jenny Ha-Linh"]
[Black "Mantu, Gabriel"]
[Result "0-1"]
[Termination "normal"]
[Board "21.2"]
[WhiteElo "817"]
[BlackElo "947"]
[WhiteTeam "BSG Grün-Weiß Leipzig 2"]
[BlackTeam "SV Empor Erfurt 2"]
[PlyCount "41"]
[WhiteFideId "16209729"]
[BlackFideId "16278046"]
[EventCountry "GER"]
[EventRounds "7"]
[EventType "team-swiss"]
[EventDate "2015.12.27"]

1. e4 b6 2. Nf3 Bb7 3. d3 e6 4. g3 Bc5 5. Bg2 Ne7 6. Nc3 O-O 7. Bg5 h6 8. Be3
Bxe3 9. fxe3 Ng6 10. O-O d5 11. Qe2 Ba6 12. Rfe1 dxe4 13. Qd2 exf3 14. Bxf3 c6
15. Ne2 Qf6 16. Rf1 Qe7 17. c4 Bb7 18. Nc3 c5 19. d4 Bxf3 20. Rxf3 cxd4 21.
Qxd4 0-1

[Event "DVM U10 2015"]
[Site "Magdeburg GER"]
[Date "2015.12.27"]
[Round "2"]
[White "Runds, Emily Sophie"]
[Black "Müller, Johannes"]
[Result "0-1"]
[Termination "normal"]
[Board "21.3"]
[WhiteElo "976"]
[BlackElo "781"]
[WhiteTeam "SV Empor Erfurt 2"]
[BlackTeam "BSG Grün-Weiß Leipzig 2"]
[PlyCount "71"]
[WhiteFideId "16235231"]
[EventCountry "GER"]
[EventRounds "7"]
[EventType "team-swiss"]
[EventDate "2015.12.27"]

1. e4 e5 2. Nf3 Nc6 3. d4 f6 4. d5 Bb4+ 5. c3 Bxc3+ 6. bxc3 Na5 7. c4 d6 8. Bd2
c5 9. Qa4+ Bd7 10. Qa3 b6 11. Bc3 Ne7 12. Nbd2 O-O 13. g3 Qc7 14. Bg2 Ng6 15.
O-O Bg4 16. Qc1 Nb7 17. h3 Bd7 18. Nb3 Ba4 19. Bd2 Qd7 20. Bh6 gxh6 21. Qxh6
Qc7 22. Nh4 Nxh4 23. Qxh4 Kh8 24. Nd2 Rae8 25. Nf3 Qg7 26. Qh5 Nd8 27. Nh4 Nf7
28. Nf5 Qg5 29. Qxg5 fxg5 30. h4 Bc2 31. h5 Bd3 32. Rfd1 Bxc4 33. h6 Bb5 34.
Ng7 Re7 35. Ne6 Rg8 36. Rac1 0-1

[Event "DVM U10 2015"]
[Site "Magdeburg GER"]
[Date "2015.12.27"]
[Round "2"]
[White "Gehle, Joshua"]
[Black "Fuhrmann, Bahne"]
[Result "0-1"]
[Termination "normal"]
[Board "22.1"]
[WhiteElo "910"]
[BlackElo "1131"]
[WhiteTeam "SV Bad Schwartau von 1930"]
[BlackTeam "Hamburger SK von 1830 4"]
[PlyCount "62"]
[WhiteFideId "16273753"]
[BlackFideId "16244842"]
[EventCountry "GER"]
[EventRounds "7"]
[EventType "team-swiss"]
[EventDate "2015.12.27"]

1. e4 e5 2. Nf3 Nc6 3. Bb5 Nf6 4. O-O Nxe4 5. Re1 f5 6. Bxc6 dxc6 7. Nxe5 Qd4
8. Nd3 Bd6 9. c3 Qxd3 10. Re3 Qd5 11. f3 O-O 12. fxe4 fxe4 13. d4 Qf5 14. Nd2
Qf4 15. g3 Qxe3+ 16. Kh1 Qd3 17. a3 Rf1+ 18. Qxf1 Qxf1+ 19. Nxf1 Be7 20. Bf4
Bd6 21. Re1 Bf5 22. Nd2 Re8 23. Nc4 Bxf4 24. gxf4 Rf8 25. b4 Bg4 26. Rxe4 Bf3+
27. Kg1 Bxe4 28. Nd2 Rxf4 29. h3 g5 30. Kh2 Rf2+ 31. Kg1 Rg2+ 0-1

[Event "DVM U10 2015"]
[Site "Magdeburg GER"]
[Date "2015.12.27"]
[Round "2"]
[White "Brandstrup, Luca Alexander"]
[Black "Sallandt, Frido"]
[Result "1/2-1/2"]
[Termination "normal"]
[Board "22.2"]
[WhiteElo "787"]
[BlackElo "987"]
[WhiteTeam "Hamburger SK von 1830 4"]
[BlackTeam "SV Bad Schwartau von 1930"]
[PlyCount "55"]
[WhiteFideId "16244990"]
[BlackFideId "16231767"]
[EventCountry "GER"]
[EventRounds "7"]
[EventType "team-swiss"]
[EventDate "2015.12.27"]

1. e4 e5 2. Nf3 Nc6 3. Bc4 Bc5 4. O-O Nf6 5. Nc3 d6 6. b3 Be6 7. Bxe6 fxe6 8.
Bb2 Qe7 9. Qe2 O-O-O 10. Nb5 Kb8 11. c3 a6 12. b4 Bxf2+ 13. Rxf2 axb5 14. Qxb5
Nxe4 15. Re2 d5 16. c4 Qxb4 17. Qxb4 Nxb4 18. cxd5 exd5 19. Nxe5 Rde8 20. Nf3
Nc2 21. Rc1 Nb4 22. Bxg7 Rhg8 23. Be5 Nd3 24. Bxc7+ Ka8 25. a4 Nec5 26. Rxe8+
Rxe8 27. Rb1 Rc8 28. Bg3 1/2-1/2

[Event "DVM U10 2015"]
[Site "Magdeburg GER"]
[Date "2015.12.27"]
[Round "2"]
[White "Diederich, Greta"]
[Black "Tran Minh, Duc"]
[Result "1/2-1/2"]
[Termination "normal"]
[Board "23.1"]
[WhiteElo "1142"]
[BlackElo "796"]
[WhiteTeam "SV Breitenworbis"]
[BlackTeam "SF Hettstedt 2"]
[PlyCount "47"]
[WhiteFideId "12988618"]
[EventCountry "GER"]
[EventRounds "7"]
[EventType "team-swiss"]
[EventDate "2015.12.27"]

1. d4 Nf6 2. e3 Nc6 3. Bd3 e5 4. c3 exd4 5. cxd4 Bb4+ 6. Bd2 Bxd2+ 7. Nxd2 O-O
8. f4 Re8 9. Qf3 d6 10. Qg3 Re7 11. Ne2 Nxd4 12. Qh3 Nxe2 13. Kxe2 Qe8 14. Kf2
d5 15. Rhe1 c5 16. Rad1 d4 17. Bc4 Ng4+ 18. Kg1 dxe3 19. Nb3 e2 20. Rd2 b5 21.
Bxe2 f5 22. a3 Nf6 23. Nxc5 a5 24. Qf3 1/2-1/2

[Event "DVM U10 2015"]
[Site "Magdeburg GER"]
[Date "2015.12.27"]
[Round "2"]
[White "Loreck, Tristan"]
[Black "Wehling, Linos"]
[Result "0-1"]
[Termination "normal"]
[Board "23.2"]
[WhiteElo "757"]
[BlackElo "899"]
[WhiteTeam "SF Hettstedt 2"]
[BlackTeam "SV Breitenworbis"]
[PlyCount "26"]
[EventCountry "GER"]
[EventRounds "7"]
[EventType "team-swiss"]
[EventDate "2015.12.27"]

1. e4 e5 2. Nf3 Nc6 3. Nc3 Bc5 4. Bb5 Nf6 5. Bxc6 dxc6 6. O-O O-O 7. d3 h6 8.
d4 exd4 9. Nxd4 Bb4 10. Nde2 Nxe4 11. Ng3 Nxg3 12. hxg3 Bc5 13. Qg4 Bxg4 0-1